| Tag |
First Indicator |
Second Indicator |
Subfields |
| LEADER |
00000cam a2200000 4500 |
| 001 |
in00000098420 |
| 005 |
20150925115650.0 |
| 008 |
710521s1971 nyu b 00000 eng |
| 010 |
|
|
|a 76125004
|
| 035 |
|
|
|a (OCoLC)00139960
|
| 035 |
|
|
|9 AAL3359AM
|
| 037 |
|
|
|c $8.50
|
| 040 |
|
|
|a DLC
|c DLC
|d TXA
|d UtOrBLW
|
| 041 |
1 |
|
|a eng
|a ita
|
| 049 |
|
|
|a TXAM
|c [1201693]
|
| 050 |
0 |
0 |
|a TL789
|b .V4213
|
| 082 |
0 |
|
|a 001/.94
|
| 100 |
1 |
|
|a Vesco, Renato.
|
| 240 |
1 |
0 |
|a Intercettateli senza sparare! English
|
| 245 |
1 |
0 |
|a Intercept--but don't shoot ;
|b the true story of the flying saucers /
|c Translated by D. D. Paige.
|
| 264 |
|
1 |
|a New York :
|b Grove Press,
|c [1971]
|
| 300 |
|
|
|a xi, 338 pages ;
|c 24 cm.
|
| 336 |
|
|
|a text
|b txt
|2 rdacontent
|
| 337 |
|
|
|a unmediated
|b n
|2 rdamedia
|
| 338 |
|
|
|a volume
|b nc
|2 rdacarrier
|
| 500 |
|
|
|a Translation of Intercettateli senza sparare.
|
| 504 |
|
|
|a Includes bibliographical references.
|
| 650 |
|
0 |
|a Unidentified flying objects.
|
| 999 |
|
|
|a MARS
|
| 999 |
f |
f |
|s 1fbaa0d0-e258-3d15-abc5-81669ffff464
|i 3bce86d9-a0fd-3e6a-89b1-4d79bc6adc85
|t 0
|
| 952 |
f |
f |
|p ric
|a Texas A&M University
|b Rellis Campus
|c Joint Library Facility
|d Remote Storage
|t 0
|e TL789 .V4213
|h Library of Congress classification
|i unmediated -- volume
|m A14805556176
|
| 998 |
f |
f |
|a TL789 .V4213
|t 0
|l Remote Storage
|